<?xml version="1.0" encoding="UTF-8"?>
<record
    xmlns:xsi="http://www.w3.org/2001/XMLSchema-instance"
    xsi:schemaLocation="http://www.loc.gov/MARC21/slim http://www.loc.gov/standards/marcxml/schema/MARC21slim.xsd"
    xmlns="http://www.loc.gov/MARC21/slim">

  <leader>01069    a2200205   4500</leader>
  <controlfield tag="001">57768</controlfield>
  <controlfield tag="005">20260407155837.0</controlfield>
  <controlfield tag="008">260407a1984    arg                 spa d</controlfield>
  <controlfield tag="003">AR-UNSa-BCEJYS</controlfield>
  <datafield tag="040" ind1=" " ind2=" ">
    <subfield code="a">AR-UNSa-BCEJYS</subfield>
    <subfield code="b">spa</subfield>
    <subfield code="c">AR-UNSa-BCEJYS</subfield>
  </datafield>
  <datafield tag="080" ind1=" " ind2=" ">
    <subfield code="a">271.4</subfield>
    <subfield code="x">Agustinos</subfield>
  </datafield>
  <datafield tag="245" ind1="1" ind2="0">
    <subfield code="a">Problem&#xE1;tica filos&#xF3;fica Agustiniana</subfield>
  </datafield>
  <datafield tag="264" ind1=" " ind2="1">
    <subfield code="a">Mendoza :</subfield>
    <subfield code="b">Universidad Nacional de Cuyo. Facultad de Ciencias Econ&#xF3;micas</subfield>
    <subfield code="c">1984</subfield>
  </datafield>
  <datafield tag="300" ind1=" " ind2=" ">
    <subfield code="a">214 p.</subfield>
    <subfield code="c">22 cm.</subfield>
  </datafield>
  <datafield tag="505" ind1=" " ind2=" ">
    <subfield code="a">1. la personalidad de San Agust&#xED;n &#x2013; 2. San Agust&#xED;n, el fil&#xF3;sofo de la interioridad &#x2013; 3. El hombre como &#x201C;imago et similitudo dei&#x201D; &#x2013; 4. El problema del origen del alma &#x2013; 5. La uni&#xF3;n de cuerpo y alma &#x2013; 6. El descubrimiento de Dios &#x2013; 7. La b&#xFA;squeda de la verdad &#x2013; 8. El problema de la libertad y de la gracia &#x2013; 9. El problema del mal &#x2013; 10. La virtud &#x2013; 11. La educaci&#xF3;n como autoformaci&#xF3;n &#x2013; 12. El humanismo pol&#xED;tico &#x2013; 13. La perennidad de San Agust&#xED;n </subfield>
  </datafield>
  <datafield tag="041" ind1=" " ind2=" ">
    <subfield code="a">spa</subfield>
  </datafield>
  <datafield tag="942" ind1=" " ind2=" ">
    <subfield code="c">BK</subfield>
  </datafield>
  <datafield tag="590" ind1=" " ind2=" ">
    <subfield code="a">niveau_biblio:m niveau_hierar:0</subfield>
  </datafield>
  <datafield tag="100" ind1="1" ind2=" ">
    <subfield code="a">Letizia, Francisco</subfield>
  </datafield>
  <datafield tag="999" ind1=" " ind2=" ">
    <subfield code="c">6280</subfield>
    <subfield code="d">6280</subfield>
  </datafield>
  <datafield tag="952" ind1=" " ind2=" ">
    <subfield code="0">0</subfield>
    <subfield code="1">0</subfield>
    <subfield code="4">0</subfield>
    <subfield code="7">0</subfield>
    <subfield code="a">BCEJYS</subfield>
    <subfield code="b">BCEJYS</subfield>
    <subfield code="c">16</subfield>
    <subfield code="d">2026-04-07</subfield>
    <subfield code="l">0</subfield>
    <subfield code="o">271.4 L648</subfield>
    <subfield code="p">L128862</subfield>
    <subfield code="r">2026-04-07 15:58:37</subfield>
    <subfield code="w">2026-04-07</subfield>
    <subfield code="y">L</subfield>
  </datafield>
</record>
